<?xml version="1.0" encoding="UTF-8"?>
<record
    xmlns:xsi="http://www.w3.org/2001/XMLSchema-instance"
    xsi:schemaLocation="http://www.loc.gov/MARC21/slim http://www.loc.gov/standards/marcxml/schema/MARC21slim.xsd"
    xmlns="http://www.loc.gov/MARC21/slim">

  <leader>00895pam a2200265 a 4500</leader>
  <controlfield tag="001">10216</controlfield>
  <controlfield tag="003">BD-RjUL</controlfield>
  <controlfield tag="005">20211208234920.0</controlfield>
  <controlfield tag="008">140123s1993    caua     b    001 0 eng  </controlfield>
  <datafield tag="020" ind1=" " ind2=" ">
    <subfield code="a">0805345604</subfield>
  </datafield>
  <datafield tag="035" ind1=" " ind2=" ">
    <subfield code="a">(BD-RjUL)10264</subfield>
  </datafield>
  <datafield tag="040" ind1=" " ind2=" ">
    <subfield code="a">DLC</subfield>
    <subfield code="c">DLC</subfield>
    <subfield code="d">DLC</subfield>
    <subfield code="d">BD-RjUL</subfield>
    <subfield code="b">eng</subfield>
  </datafield>
  <datafield tag="041" ind1=" " ind2=" ">
    <subfield code="a">eng</subfield>
  </datafield>
  <datafield tag="082" ind1="0" ind2="0">
    <subfield code="a">541.3</subfield>
    <subfield code="2">20</subfield>
    <subfield code="b">MOP 1993</subfield>
  </datafield>
  <datafield tag="100" ind1="1" ind2=" ">
    <subfield code="a">Mortimer, Robert G.</subfield>
    <subfield code="9">31568</subfield>
  </datafield>
  <datafield tag="245" ind1="1" ind2="0">
    <subfield code="a">Physical chemistry /</subfield>
    <subfield code="c">Robert G. Mortimer.</subfield>
  </datafield>
  <datafield tag="260" ind1=" " ind2=" ">
    <subfield code="a">Redwood City, Calif. :</subfield>
    <subfield code="b">Benjamin/Cummings Pub. Co.,</subfield>
    <subfield code="c">c1993.</subfield>
  </datafield>
  <datafield tag="300" ind1=" " ind2=" ">
    <subfield code="a">xvii, 1014, 84 p. :</subfield>
    <subfield code="b">ill. ;</subfield>
    <subfield code="c">26 cm.</subfield>
  </datafield>
  <datafield tag="490" ind1="1" ind2=" ">
    <subfield code="a">The Benjamin/Cummings series in the life sciences</subfield>
  </datafield>
  <datafield tag="504" ind1=" " ind2=" ">
    <subfield code="a">Includes bibliographical references and index.</subfield>
  </datafield>
  <datafield tag="650" ind1=" " ind2="0">
    <subfield code="a">Chemistry, Physical and theoretical.</subfield>
    <subfield code="9">31570</subfield>
  </datafield>
  <datafield tag="830" ind1=" " ind2="0">
    <subfield code="a">Benjamin/Cummings series in the life sciences and chemistry.</subfield>
    <subfield code="9">213877</subfield>
  </datafield>
  <datafield tag="942" ind1=" " ind2=" ">
    <subfield code="2">ddc</subfield>
    <subfield code="c">BK</subfield>
  </datafield>
  <datafield tag="999" ind1=" " ind2=" ">
    <subfield code="c">10216</subfield>
    <subfield code="d">10216</subfield>
  </datafield>
  <datafield tag="952" ind1=" " ind2=" ">
    <subfield code="0">0</subfield>
    <subfield code="1">0</subfield>
    <subfield code="2">ddc</subfield>
    <subfield code="4">0</subfield>
    <subfield code="7">0</subfield>
    <subfield code="8">NFIC</subfield>
    <subfield code="a">RUCL</subfield>
    <subfield code="b">RUCL</subfield>
    <subfield code="c">Stack</subfield>
    <subfield code="d">1999-07-12</subfield>
    <subfield code="e">Syntex</subfield>
    <subfield code="g">63.95</subfield>
    <subfield code="l">0</subfield>
    <subfield code="o">541.3 MOP 1993</subfield>
    <subfield code="r">2014-01-23 00:00:00</subfield>
    <subfield code="t">C-6</subfield>
    <subfield code="w">2021-12-08</subfield>
    <subfield code="y">BK</subfield>
  </datafield>
  <datafield tag="952" ind1=" " ind2=" ">
    <subfield code="0">0</subfield>
    <subfield code="1">0</subfield>
    <subfield code="2">ddc</subfield>
    <subfield code="4">0</subfield>
    <subfield code="7">1</subfield>
    <subfield code="8">NFIC</subfield>
    <subfield code="a">RUCL</subfield>
    <subfield code="b">RUCL</subfield>
    <subfield code="c">Reading</subfield>
    <subfield code="d">1999-07-12</subfield>
    <subfield code="e">Chittagong, Syntex</subfield>
    <subfield code="g">63.95</subfield>
    <subfield code="l">0</subfield>
    <subfield code="o">541.3 MOP 1993</subfield>
    <subfield code="r">2017-04-15 00:00:00</subfield>
    <subfield code="t">C-1</subfield>
    <subfield code="w">2017-04-15</subfield>
    <subfield code="y">BK</subfield>
  </datafield>
  <datafield tag="952" ind1=" " ind2=" ">
    <subfield code="0">0</subfield>
    <subfield code="1">0</subfield>
    <subfield code="2">ddc</subfield>
    <subfield code="4">0</subfield>
    <subfield code="7">0</subfield>
    <subfield code="8">NFIC</subfield>
    <subfield code="a">RUCL</subfield>
    <subfield code="b">RUCL</subfield>
    <subfield code="c">Stack</subfield>
    <subfield code="d">1999-07-12</subfield>
    <subfield code="e">Chittagong, Syntex</subfield>
    <subfield code="g">63.95</subfield>
    <subfield code="l">0</subfield>
    <subfield code="o">541.3 MOP 1993</subfield>
    <subfield code="r">2017-05-16 00:00:00</subfield>
    <subfield code="t">C-3</subfield>
    <subfield code="w">2017-05-16</subfield>
    <subfield code="y">BK</subfield>
  </datafield>
  <datafield tag="952" ind1=" " ind2=" ">
    <subfield code="0">0</subfield>
    <subfield code="1">0</subfield>
    <subfield code="2">ddc</subfield>
    <subfield code="4">0</subfield>
    <subfield code="7">0</subfield>
    <subfield code="8">NFIC</subfield>
    <subfield code="a">RUCL</subfield>
    <subfield code="b">RUCL</subfield>
    <subfield code="c">Stack</subfield>
    <subfield code="d">2000-01-23</subfield>
    <subfield code="e">CHITTAGONG</subfield>
    <subfield code="g">63.95</subfield>
    <subfield code="l">0</subfield>
    <subfield code="o">541.3 MOP 1993</subfield>
    <subfield code="r">2017-05-21 00:00:00</subfield>
    <subfield code="t">C-4</subfield>
    <subfield code="w">2017-05-21</subfield>
    <subfield code="y">BK</subfield>
  </datafield>
  <datafield tag="952" ind1=" " ind2=" ">
    <subfield code="0">0</subfield>
    <subfield code="1">0</subfield>
    <subfield code="2">ddc</subfield>
    <subfield code="4">0</subfield>
    <subfield code="7">0</subfield>
    <subfield code="8">NFIC</subfield>
    <subfield code="a">RUCL</subfield>
    <subfield code="b">RUCL</subfield>
    <subfield code="c">Stack</subfield>
    <subfield code="d">2000-01-23</subfield>
    <subfield code="e">CHITTAGONG</subfield>
    <subfield code="g">63.95</subfield>
    <subfield code="l">0</subfield>
    <subfield code="o">541.3 MOP 1993</subfield>
    <subfield code="r">2017-05-21 00:00:00</subfield>
    <subfield code="t">C-5</subfield>
    <subfield code="w">2017-05-21</subfield>
    <subfield code="y">BK</subfield>
  </datafield>
</record>
